00625nam a22001817a 450000500170000000800410001702000240005804000130008208200170009510000300011224500820014226000350022430000110025965000510027094200070032199900190032895200960034720260226094807.0260226b |||||||| |||| 00| 0 eng d a9781032430577 (pbk) cPK-LaUMT a005.3bPET-S aPeters, Lawrence J.99521 aSoftware project management :bmethods and techniques /cbyLawrence J. Peters aBoca Raton :bCRC Press,c2024 a230 p. aComputer software-Development-Management99522 cBK c139913d139913 00104070a01b01d2026-02-26l0o005.3 PET-Sp151684r2026-02-26 09:48:19w2026-02-26yBK